000 01276nam a2200253 a 4500
001 000023334
005 20200930022140.0
008 101202s1995 xxu 001 | spa d
020 _a0844270431
040 _aDO-SdBNP
_bspa
_cBNPHU
082 _aPR683.44
_bC965p
245 0 0 _aCuentos puertorriqueños /
_cRobert L. Muckley, Eduardo E. Vargas ; introducción por Hernán LaFontaine Y Marcos A. Hernández ; ilustración de Jaime Carrero.
260 _aLincolnwood :
_bNational Textbook Company,
_c1995.
300 _aviii, 120 p. :
_bil. ;
_c23 cm.
500 _aIncluye vocabulario
505 0 _tCampeones /
_rPedro Juan Soto
_tGarabatos /
_rPedro Juan Soto
_tUnas oración bajo la nieve /
_rWilfredo Braschi
_tEl americano /
_rJaime Carrero
_tUna caja de plomo que no se podía abrir /
_rJosé Luis González
_tNaufragio /
_rTomás Blanco
_t"Oh, sey can yu si bai de don-serly lai /
_rJaime Carrero
_tEl zepelín del jorobado /
_rWilfredo Braschi
_tLa hiel de los caínes /
_rTomás Blanco
650 4 _aCuentos puertorriqueña
_931622
650 4 _aLiteratura puertorriqueña
_9250
700 1 _aVargas, Eduardo E.
_99042
700 1 _aLaFontaine, Hernán
_eintrod.
_99043
700 1 _aHernández, Marcos A.
_eintrod.
_948062
711 2 _aJaime Carrero
_eil.
_948063
049 _aBNGR
999 _c22831
_d22831